Iglesias del desierto

Uloženo v:
Podrobná bibliografie
Hlavní autoři: Donoso Saint, Max (Autor), Pereira Campos, Magdalena (Autor), Heinsen Planella, Cristián (Autor)
Médium: Kniha
Jazyk:španělština
angličtina
Vydáno: Santiago Max Donoso Saint 2004
Témata:
Tagy: Přidat tag
Žádné tagy, Buďte první, kdo vytvoří štítek k tomuto záznamu!

MARC

LEADER 00000cam a2200000 a 4500
001 UCF6445
003 CL-VaPUC
008 130425e20041200CL |||||||||||||||||spa|d
020 |a 9562994465 
041 0 7 |a spa  |2 CL-VaPUC 
041 0 7 |a eng  |2 CL-VaPUC 
082 0 4 |a 726.70983  |b DON  |2 21 
100 0 |a Donoso Saint, Max  |e author  |9 568420 
700 0 |a Pereira Campos, Magdalena  |e author  |9 568421 
700 0 |a Heinsen Planella, Cristián  |e author  |9 568422 
245 1 0 |a Iglesias del desierto 
300 |a 211 p 
942 |c BK 
945 |d 20130425 00:00:00  |a dcastane 
260 |a Santiago  |b Max Donoso Saint  |c 2004 
650 7 |a IGLESIAS CATOLICAS  |2 CL-VaPUC  |9 265207 
650 7 |a IGLESIAS COLONIALES  |2 CL-VaPUC  |9 563249 
650 0 |a Iglesias cristianas  |9 389221 
650 0 |a Edificios religiosos  |9 335394 
583 |a last modification  |c 20130425 11:23:00  |k Rodrigo Vera 
999 |c 351635  |d 351633 
952 |0 0  |1 0  |4 0  |6 726_709830000000000_DON_2004  |7 0  |8 X  |9 455846  |a FDOBUD  |b FDOBUD  |d 2019-11-22  |i 4965760  |o 726.70983 DON 2004  |p 4965760  |r 2019-11-22  |w 2019-11-22  |y BK_X  |k BUD 
952 |0 0  |1 0  |3 erd  |4 0  |6 726_709830000000000_DON_2004  |7 0  |8 F  |9 455847  |a BIBTEO  |b BIBTEO  |d 2019-11-22  |i 5012082  |o 726.70983 DON 2004  |p 5012082  |r 2025-01-17  |w 2019-11-22  |y BK_F  |z Catalogado en:20130930  |k ICR 
952 |0 0  |1 0  |3 erd  |4 0  |6 726_709830000000000_DON_2004  |7 0  |8 A  |9 455848  |a BIBARQ  |b BIBARQ  |d 2019-11-22  |i 5012058  |l 4  |o 726.70983 DON 2004  |p 5012058  |r 2025-01-20  |s 2023-03-30  |w 2019-11-22  |y BK  |z Catalogado en:20130930  |k ARQ